Je voudrais un bonhomme de neige - Paroles - Statistiques

Statistiques générales
  • Ce quiz a été pris 145 fois
  • Le résultat moyen est 123 sur 154
Statistiques - réponses
Réponse % Correct
bonhomme
100%
de
100%
Je
100%
je
100%
ne
100%
neige
100%
neige...
100%
un
100%
voudrais
100%
à
99%
Ou
96%
Elsa ?
94%
moi !
94%
moi
94%
et
92%
Et
92%
avec
91%
pour
91%
jouer
89%
te
89%
me
88%
plus
88%
Plus
88%
se
88%
Tu
88%
tu ?
88%
tu
88%
la
87%
en
85%
Mais
85%
que
85%
Que
85%
sui
84%
suis
83%
toi
83%
j'ai
82%
Oui
82%
pourquoi !
82%
Pourquoi
82%
Nous
81%
nous
81%
nous ?
81%
c'est
80%
dans
80%
le
80%
n'es
80%
on
80%
On
80%
Pense
80%
voit
80%
étions
79%
faire
79%
fini
79%
plait
79%
savoir
79%
s'il
79%
une
79%
viens
79%
du
78%
J'aimerais
78%
parle
78%
vraiment
78%
aux
77%
fais
77%
fille
77%
manque
77%
amies
76%
compagnie
76%
les
76%
soeurs
76%
seule
75%
caches
74%
Dis
73%
vélo
73%
m'ennuie
72%
murs
72%
reste
71%
heures
70%
Salut
69%
j'attends
68%
passent
68%
d'Arc !
66%
Jeanne
66%
m'entourent !
64%
Anna
63%
t'en
62%
dit
61%
glace
61%
Va
61%
famille
60%
avenir
59%
portraits
59%
tout
59%
aucune
58%
Quel
58%
besoin
56%
n'avons
56%
personne
56%
temps
56%
oublier
55%
arrange
52%
restes
52%
enfermée
50%
Oh,
50%
forte,
49%
sois
49%
ouvrir
44%
Peux
44%
Esla ?
6%
ves
5%
vour
4%
cette pote ?
1%
Aucun quiz correspondant
Distribution des résultats
% des personnes avec chaque résultat
Percentile par nombre de réponses
Votre historique - résultats
Vous n’avez pas pris ce quiz